| 000 | 00709nam a2200241 a 4500 | ||
|---|---|---|---|
| 001 | 79594 | ||
| 003 | BD-RjUL | ||
| 005 | 20220322111854.0 | ||
| 008 | 220322s1938 nyu 000 0 eng d | ||
| 035 | _a(BD-RjUL)79594 | ||
| 040 |
_aHAI _beng _cBD-RjUL |
||
| 041 | 0 | _aeng | |
| 082 |
_223 _a320.1 _bCOR 1938 |
||
| 100 | 1 |
_aCoker, Francis W. _q(Francis William), _d1878-1963 _91961 |
|
| 245 | 1 | 0 |
_aReadings in political philosophy / _cby Francis William Coker |
| 246 | 3 | 3 | _aPolitical philosophy |
| 250 | _aRev. and enl. ed. | ||
| 260 |
_aNew York ; _aLondon, _b Macmillan Co., _c1938 |
||
| 300 |
_axvi, 717 p. ; _c22 cm. |
||
| 650 | 4 |
_aPolitical science _91962 |
|
| 650 | 4 |
_aState, The _91963 |
|
| 942 |
_2ddc _cBK |
||
| 999 |
_c79594 _d79594 |
||